Online
Catalog

El año del amor / (Record no. 40571)

MARC details
000 -CABECERA
campo de control de longitud fija 00675nam a2200205 a 4500
001 - NÚMERO DE CONTROL
campo de control 000041081
005 - FECHA Y HORA DE LA ÚLTIMA TRANSACCIÓN
campo de control 20201002034613.0
008 - DATOS DE LONGITUD FIJA--INFORMACIÓN GENERAL
campo de control de longitud fija 130917s1992 sp 000 0 spa d
020 ## - NÚMERO INTERNACIONAL ESTÁNDAR DEL LIBRO
Número Internacional Estándar del Libro 8423322173
040 ## - FUENTE DE LA CATALOGACIÓN
Centro catalogador/agencia de origen DO-SdBNP
Lengua de catalogación spa
Centro/agencia transcriptor BNPHU
100 1# - ENTRADA PRINCIPAL--NOMBRE DE PERSONA
Nombre de persona Nizon, Paul
9 (RLIN) 67589
240 10 - TÍTULO UNIFORME
Título uniforme Das jahr der liebe
Lenguaje de la obra Español
245 13 - MENCIÓN DE TÍTULO
Título El año del amor /
Mención de responsabilidad, etc. Paul Nizon, Traducción de Oliver Strunk.
260 ## - PUBLICACIÓN, DISTRIBUCIÓN, ETC.
Lugar de publicación, distribución, etc. Barcelona :
Nombre del editor, distribuidor, etc. Ediciones Destinos,
Fecha de publicación, distribución, etc. 1992.
300 ## - DESCRIPCIÓN FÍSICA
Extensión 238 p. ;
Dimensiones 21 cm.
490 1# - MENCIÓN DE SERIE
Mención de serie Ancora y Delfín
Designación de volumen o secuencia 693
500 ## - NOTA GENERAL
Nota general Incluye datos biográficos del autor en la solapa de la cubierta
700 1# - PUNTO DE ACCESO ADICIONAL--NOMBRE DE PERSONA
Nombre de persona Strunk, Oliver,
Término indicativo de función/relación trad.
9 (RLIN) 67590
830 #0 - PUNTO DE ACCESO ADICIONAL DE SERIE-TÍTULO UNIFORME
Título uniforme Ancora y Delfín
9 (RLIN) 21385
Holdings
Estado de retiro Estado de pérdida Restricciones de uso No para préstamo Código de colección Localización permanente Ubicación/localización actual Ubicación en estantería Fecha de adquisición Número de inventario Total de préstamos Signatura topográfica completa Código de barras Fecha visto por última vez Precio válido a partir de Tipo de ítem Koha
        Monografías: Libros y Folletos General General En catalogación 17.09.2013 LF1   41081-10 25.06.2020 25.06.2020 Préstamo en sala

Powered by Koha